LEADER 01885nam a2200385 u 4500 001 000000073618 003 CaOOAMICUS 005 20111125171714.0 008 020917s2002 nyu u000 u eng u 020 $a0718502744 (hardback) 035 $a10939477 040 $aNIR$bita 245 00$aPope Pius XII and the Holocaust /$cedited and introduced by Carol Rittner and John K. Roth. 260 $aNew York ;$aLondon :$bLeicester University Press,$cc2002. 300 $a291 p. : ;$c24 cm 500 $aIncludes index. 504 $aIncludes "Select Bibliography" ([279]-286). 600 04$aPius PP.$bXII,$d1876-1958.$0(OLS)http://pul/subject/102 610 20$aCatholic Church$xRelations$xJudaism.$2//eng$0(OLS)http://pul/subject/25800 650 0$aJudaism$xRelations$xChristianity.$2//eng$0(OLS)http://pul/subject/7826 650 0$aChristianity and antisemitism$xHistory$y20th century.$2//eng$0(OLS)http://pul/subject/25802 650 0$aWorld War, 1939-1945$xReligious aspects$xCatholic Church.$2//eng$0(OLS)http://pul/subject/25803 650 0$aHolocaust, Jewish (1939-1945).$2//eng$0(OLS)http://pul/subject/25801 700 1 $aRittner, Carol Ann,$d1943-$0(OLS)http://pul/name/48781 700 1 $aRoth, John K.$0(OLS)http://pul/name/48782 850 $aPUL 852 $aPUL$W1$xSL Filosofia 1$y2$m112 L 3$j95091$nBK-PRI$b $qStampati$B95091$CPULBib$Z2$F95091 $HPUL90338 $81 941 1 $a8 960 $aPapi (1939-1958 : Pius PP. XII)$9102 960 $aPapi (1939-1958 : Pius PP. XII)$9102 960 $aPacelli, Eugenio,$d1876-1958$9102 960 $aPio$bXII,$cpapa,$d1876-1958$9102 996 $6020$a0718502744 (hardback)$9(OLS)http://pul/number/95010 996 $6245$aPope Pius XII and the Holocaust$9(OLS)http://pul/title/96710 996 $6260$aNew York ;$aLondon :$bLeicester University Press$9(OLS)http://pul/publisher/74366 LEADER 01189nam a2200253 u 4500 001 000000081438 003 CaOOAMICUS 005 20070226123744.0 008 050322s1943 it u000 u ita u 035 $a11035601 040 $aPUL(R)$bita 100 1 $aRosmini Serbati, Antonio,$cI.D.C.,$d1797-1855.$0(OLS)http://pul/name/586 245 10$aBreve schizzo dei sistemi di filosofia moderna e del proprio sistema e Dialogo sulla vera natura del conoscere /$cAntonio Rosmini ; introduzione e note di Carlo Caviglione. 260 $aLanciano :$bCarabba,$cstampa1943. 300 $a126 p. ;$c19 cm 490 1 $aCultura dell'anima ;$v39 504 $aBibliografia in nota. 700 1 $aCaviglione, Carlo.$0(OLS)http://pul/name/37416 830 0$aCultura dell'anima (Carabba) ;$v39.$0(OLS)http://pul/title/12231 850 $aPUL 852 $aPUL$W1$xDP1 Fondo Cecchetti$y53$m260 N 81$j103880$nBK-PRI$b $qFondi$B103880$CPULBib$Z2$F103880 $82 941 1 $a1 996 $6245$aBreve schizzo dei sistemi di filosofia moderna e del proprio sistema e Dialogo sulla vera natura del conoscere$9(OLS)http://pul/title/106520 996 $6260$aLanciano :$bCarabba$9(OLS)http://pul/publisher/51250